[Event "Sao Bento do Sul op"]
[Site "Sao Bento do Sul"]
[Date "2019.08.24"]
[Round "3"]
[White "Rodrigues Mota, Sophia Lorena"]
[Black "Fischer Junior, Donaldo"]
[Result "0-1"]
[WhiteElo "1448"]
[BlackElo "1839"]
[PlyCount "60"]
[EventDate "2019.08.23"]
[EventType "swiss"]
[EventRounds "7"]
[EventCountry "BRA"]
[SourceTitle "EXT 2020"]
[Source "ChessBase"]
[SourceDate "2019.10.17"]
[SourceVersion "1"]
[SourceVersionDate "2019.10.17"]
[SourceQuality "1"]

1. e4 e5 2. Nf3 Nc6 3. d4 exd4 4. Bc4 h6 5. Nxd4 Bc5 6. Be3 Nxd4 7. Bxd4 Bxd4 8. Qxd4 Qf6 9. e5 Qg6 10. Qd5 Ne7 11. Qf3 0-0 12. Bd3 Qg5 13. Qe4 Ng6 14. 0-0 Qxe5 15. Qb4 a5 16. Qb3 Nf4 17. Bb5 c6 18. Bc4 d5 19. Bd3 Qg5 20. g3 Bh3 21. Re1 Nxd3 22. Qxd3 Rfe8 23. Nc3 Bf5 24. Qd1 Qg6 25. Rxe8+ Rxe8 26. Rc1 Qf6 27. Qd2 Qe7 28. Nxd5 cxd5 29. Qxd5 Bh3 30. Qh5 Qe1+ 0-1

[Event "Sao Bento do Sul op"]
[Site "Sao Bento do Sul"]
[Date "2019.08.23"]
[Round "2"]
[White "Fischer Junior, Donaldo"]
[Black "Blanco, Marcos"]
[Result "0-1"]
[WhiteElo "1839"]
[BlackElo "1995"]
[PlyCount "124"]
[EventDate "2019.08.23"]
[EventType "swiss"]
[EventRounds "7"]
[EventCountry "BRA"]
[SourceTitle "EXT 2020"]
[Source "ChessBase"]
[SourceDate "2019.10.17"]
[SourceVersion "1"]
[SourceVersionDate "2019.10.17"]
[SourceQuality "1"]

1. e4 e5 2. Nf3 Nc6 3. d4 exd4 4. Nxd4 Bc5 5. Nxc6 Qf6 6. Qf3 dxc6 7. Nc3 Be6 8. Be3 Bb4 9. Bd2 0-0-0 10. 0-0-0 Qe5 11. a3 Qa5 12. Nb1 Bxd2+ 13. Nxd2 Nf6 14. h3 Qg5 15. Qe2 Rd7 16. g3 Rhd8 17. Bg2 Rd4 18. Qe1 Nh5 19. Bf3 Nf6 20. Bg2 Nh5 21. Bf3 Nf6 22. Bg2 Qb5 23. Qe3 Qb6 24. c3 Rd3 25. Qxb6 cxb6 26. Bf1 R3d7 27. Be2 Ne8 28. f3 f6 29. Bc4 Nc7 30. f4 b5 31. Bb3 b6 32. Bxe6 Nxe6 33. Nf3 Rd3 34. Nd4 Rxd1+ 35. Rxd1 Nxd4 36. cxd4 Re8 37. e5 Kd7 38. g4 Ke6 39. f5+ Kd5 40. e6 Ke4 41. Kc2 g6 42. Kc3 gxf5 43. Re1+ Kf4 44. Rf1+ Kg3 45. gxf5 h5 46. Kd3 Kg2 47. Ke2 Kxh3 48. Rg1 h4 49. Kf3 Kh2 50. Rg2+ Kh1 51. Rg6 h3 52. Kf2 a5 53. Rxf6 b4 54. axb4 axb4 55. b3 c5 56. dxc5 bxc5 57. Rh6 h2 58. Rh4 Rf8 59. Rf4 Rg8 60. e7 Rg2+ 61. Ke1 Rg1+ 62. Ke2 Rg2+ 0-1

[Event "Sao Bento do Sul op 07"]
[Site "Sao Bento do Sul"]
[Date "2019.07.14"]
[Round "6"]
[White "Fischer Junior, Donaldo"]
[Black "Davanso, Joao Pedro"]
[Result "1-0"]
[WhiteElo "1833"]
[BlackElo "1671"]
[PlyCount "117"]
[EventDate "2019.07.12"]
[EventType "swiss"]
[EventRounds "7"]
[EventCountry "BRA"]
[SourceTitle "CBM 195 Extra"]
[Source "ChessBase"]
[SourceDate "2020.05.31"]
[SourceVersion "1"]
[SourceVersionDate "2020.05.31"]
[SourceQuality "1"]

1. e4 c5 2. Nf3 Nc6 3. d4 cxd4 4. Nxd4 e6 5. Nxc6 bxc6 6. b3 d5 7. exd5 cxd5 8. Bb2 a6 9. Be2 Nf6 10. 0-0 Be7 11. Bf3 0-0 12. c4 Bb7 13. Nc3 Qc7 14. cxd5 Rad8 15. Qc1 exd5 16. Nxd5 Nxd5 17. Qxc7 Nxc7 18. Bxb7 Rb8 19. Be4 f5 20. Bd3 Bf6 21. Bc4+ Kh8 22. Rab1 Bxb2 23. Rxb2 Rbd8 24. Re2 Rfe8 25. Rxe8+ Rxe8 26. Rd1 Nb5 27. Bxb5 axb5 28. g3 g6 29. Rd5 Ra8 30. Rd2 Kg7 31. f4 Kh6 32. Kf2 Kh5 33. h3 Rc8 34. Ke3 b4 35. Rg2 Rc3+ 36. Kd4 Kh6 37. g4 fxg4 38. hxg4 Kg7 39. g5 Rf3 40. Ke4 Rc3 41. Rd2 h5 42. gxh6+ Kxh6 43. Rd4 Rc2 44. Rxb4 Rxa2 45. Rc4 Kh5 46. Ke5 Ra5+ 47. Kd4 Kg4 48. b4 Rf5 49. Kc3 Kf3 50. Rc6 Ke4 51. Rxg6 Rxf4 52. Rd6 Ke5 53. Rd3 Ke4 54. Rd4+ Ke5 55. Rxf4 Kxf4 56. Kd4 Kf5 57. Kd5 Kf6 58. Kd6 Kf5 59. b5 1-0